Hồ sơ về Lục Châu học : Tìm hiểu con người ở vùng đất mới

Bằng những tài liệu sách báo Quốc ngữ còn lưu trữ được tại Việt Nam, tác giả đã đưa người đọc khám phá chính vùng đất mình đang sống bằng những văn bản và sử liệu có thật được công bố trên báo chí và xuất bản ở miền Nam từ năm...

Descrición completa

Gardado en:
Detalles Bibliográficos
Autor Principal: Nguyễn, Văn Trung
Formato: Libro
Idioma:Undetermined
Publicado: Thành phố Hồ Chí Minh Trẻ 2015
Những chủ đề:
Các nhãn: Engadir etiqueta
Sen Etiquetas, Sexa o primeiro en etiquetar este rexistro!
Thư viện lưu trữ: Trung tâm Học liệu Trường Đại học Cần Thơ
LEADER 01529nam a2200241Ia 4500
001 CTU_207011
008 210402s9999 xx 000 0 und d
020 |c 199000 
082 |a 959.703 
082 |b Tr513 
100 |a Nguyễn, Văn Trung 
245 0 |a Hồ sơ về Lục Châu học : 
245 0 |b Tìm hiểu con người ở vùng đất mới 
245 0 |c Nguyễn Văn Trung 
260 |a Thành phố Hồ Chí Minh 
260 |b Trẻ 
260 |c 2015 
520 |a Bằng những tài liệu sách báo Quốc ngữ còn lưu trữ được tại Việt Nam, tác giả đã đưa người đọc khám phá chính vùng đất mình đang sống bằng những văn bản và sử liệu có thật được công bố trên báo chí và xuất bản ở miền Nam từ năm 1865 đến năm 1930.Ở đó người đọc sẽ bất ngờ khám phá một mảng văn học bị bỏ quên, bỏ qua bởi ở chính vùng đất nầy những tờ báo viết bằng Quốc 
650 |a Việt Nam, phía nam,Việt Nam,Vietnam, Southern,Vietnam 
650 |x Đời sống xã hội và phong tục tập quán,Đời sống xã hội và phong tục tập quán,Social life and customs,Social life and customs 
650 |y 1985-1930,1865-1930 
904 |i Tuyến 
980 |a Trung tâm Học liệu Trường Đại học Cần Thơ